Rubber Plantation Development Scheme and Scientific Rubber Cultivation (Record no. 45189)

MARC details
000 -LEADER
fixed length control field 00353nam a2200109Ia 4500
041 ## - LANGUAGE CODE
Language code of text/sound track or separate title Malayalam
245 #0 - TITLE STATEMENT
Title Rubber Plantation Development Scheme and Scientific Rubber Cultivation
260 ## - PUBLICATION, DISTRIBUTION, ETC. (IMPRINT)
Name of publisher Rubber Research Institute of India
Place of publication Kottayam
Year of publication 1984
650 ## - SUBJECT ADDED ENTRY--TOPICAL TERM
Topical Term Rubber Plantation Development
942 ## - ADDED ENTRY ELEMENTS (KOHA)
Koha item type Publications
Holdings
Withdrawn status Lost status Damaged status Not for loan Collection code Home library Current library Date acquired Accession Number Koha item type
      Publications Pamphlets RRII Library RRII Library 31/12/2021 PH 40 Publications